000 01259nam a2200301 4500
003 EG-GICUC
005 20260307201847.0
008 260307s1984 su ||||fr|||| 00| 0 ara d
040 _a EG-GICUC
_bara
_c EG-GICUC
_d EG-GICUC
_erda
041 0 _aara
082 0 4 _221
_a341.33
_bم ح . ت
092 0 4 _221
099 _aLaw1 11 341.33 م ح . ت 1984
100 0 _aمحمد عمر المدني
_eمؤلف.
245 1 _aالتمثيل الدبلوماسي الدائم الإيجابي و السلبي للمملكة العربية السعودية مع الدول الأخري .
_hالكتاب الأول /
_cمحمد عمر المدني .
250 _aالطبعة الثانية
264 1 _aالمملكة العربية السعودية :
_bمعهد الدراسات الدبلوماسية ،
_c1984 .
300 _a187 صفحة ؛
_c26 سم.
336 _2rda content
_atext
337 _2rda media
_aComputer
338 _2rda carrier
_aOnline Resource
546 _aالنص باللغة العربية
650 1 _aالقانون الدولي العام
650 1 _aالدبلواسية و السلك الدبلوماسي
856 4 0 _uhttps://fll.law.cu.edu.eg/fulltext/bks/B11-07628.pdf
905 _a59
942 _2ddc
_n0
_cBK
_e21
999 _c65709
_d65709